| 000 | 00956nam a2200289 a 4500 | ||
|---|---|---|---|
| 005 | 20240307120015.0 | ||
| 008 | |||
| 020 | _a9780323532822 (paperback) | ||
| 040 |
_aNUST _cNUST |
||
| 049 | _aMAIN | ||
| 090 |
_aREF RS615.1 _bSKI |
||
| 100 | 1 |
_aSkidmore-Roth, Linda., _aauthor. |
|
| 245 | 1 | 0 |
_aMosby's drug guide for nursing students/ _c Linda Skidmore-Roth. |
| 250 | _aThirteenth edition. | ||
| 260 |
_aSt. Louis, Missouri : _bElsevier, _c2019. |
||
| 300 |
_aix, 1244 pages : _bcolour illustrations ; _c22 cm. |
||
| 336 |
_atext _btxt _2rdacontent |
||
| 337 |
_aunmediated _bn _2rdamedia |
||
| 338 |
_avolume _bnc _2rdacarrier |
||
| 500 | _aIncludes index. | ||
| 650 | 1 |
_aDrugs _vHandbooks, manuals, etc. |
|
| 650 |
_aNursing _vHandbooks, manuals, etc. |
||
| 650 | _aPharmacopoeias. | ||
| 650 | _aHandbooks and manuals. | ||
| 907 |
_a.b10414794 _b03-03-22 _c01-03-22 |
||
| 942 |
_cBOOKS _kREF RS615.1 _mSKI |
||
| 999 |
_c101345 _d101345 |
||